One Question About Every British Territory - Statistics

General Stats
  • This quiz has been taken 29 times
  • The average score is 11 of 21
Answer Stats
Type Territory Question Answer % Correct
Country Northern Ireland What famous ship was built in the early 20th century in Belfast, Northern Ireland? The Titanic
100%
Crown Dependency Guernsey Guernésiais is a language spoken in Guernsey. What languages is it derived from? French
89%
Country Scotland What sport, famously enjoyed by many world leaders, has its origins in Middle Ages Scotland? Golf
86%
Overseas Territory Gibraltar What country does Gibraltar border? Spain
86%
Country Wales What is the name for Wales in Welsh? Cymru
82%
Country England What word is a portmanteau of the two most famous universities in England? Oxbridge
79%
Crown Dependency Jersey Jersey celebrates 'Liberation Day' on the 9th of May. Who were they liberated from? Nazi Germany
75%
Overseas Territory Falkland Islands In a 2013 referendum, how many people, to the nearest percent, voted to remain as a British Territory? 100%
71%
Overseas Territory British Antarctic Territory What is the permanent population of the British Antarctic Territory? 0
68%
Overseas Territory British Indian Ocean Territory In 2024, it was announced that the British government would hand over sovereignty of the Chagos Islands to which country? Mauritius
57%
Overseas Territory Bermuda Which US state is the closest place on land to Bermuda? North Carolina
57%
Overseas Territory Montserrat Montserrat is named after a mountain range near what European major city? Barcelona
43%
Overseas Territory South Georgia and the South Sandwich Islands Who discovered the Sandwich Islands in the 18th century? James Cook
43%
Overseas Territory Anguilla What animal appears three times on Anguilla's coat of arms? Dolphin
39%
Overseas Territory Akrotiri and Dhekelia What type of institution are located in this territory - something Britain wanted to keep? Military Bases
29%
Overseas Territory Pitcairn Islands What percentage of the Pitcairn Islands are inhabited? 25%
25%
Overseas Territory Turks and Caicos Islands What currency is used in the Turks and Caicos Islands? US Dollar
25%
Crown Dependency Isle of Man What is the name of the peculiar symbol on the Isle of Man's flag? Three Legs of Man
14%
Overseas Territory British Virgin Islands What is the largest and most populated of the British Virgin Islands? Hint: It sounds like a sea creature. Tortola
14%
Overseas Territory Cayman Islands In 2004, which North Atlantic hurricane had a very severe impact on the Cayman Islands? Hurricane Ivan
7%
Overseas Territory Saint Helena, Ascension and Tristan da Cunha Which British head of state authorised the colonisation of the islands? Oliver Cromwell
4%
No matching quizzes found
Score Distribution
Percent of People with Each Score
Percentile by Number Answered
Your Score History
You have not taken this quiz